| 000 | 00995aab a2200217 4500 | ||
|---|---|---|---|
| 001 | 768714001 | ||
| 003 | CO-MdFUSB | ||
| 005 | 20240627175236.0 | ||
| 008 | 170525s2002 cr ||||| |||| 00| 0 spa d | ||
| 022 | _a1409-1968 | ||
| 040 |
_aCO-MdFUSB _bspa _cCO-MdFUSB _dCO-MdFUSB |
||
| 041 | _aspa | ||
| 100 | 1 |
_aOrtiz, Félix _eautor |
|
| 245 | 1 | 0 |
_aNuestro jóvenes realidad y desafío... _c/ Félix Ortiz |
| 300 |
_aVolumen 19. Número 2 (2002), páginas 10-22 _c: 27 cm. |
||
| 520 | _aConociendo su realidad podemos ejercer una pastoral adecuada y efectiva, ayudándoles a conocer a Cristo y caminar con él en medio de una sociedad cada vez más hostil al Evangelio. El presente artículo pretende dar un acercamiento general al tema y brindar algunas herramientas y conceptos útiles al liderazgo de la iglesia local. | ||
| 653 | _aPastoral juvenil | ||
| 773 | 0 |
_tApuntes Pastorales _049442 _960158 _gVolumen 19. Número 2 (2002), páginas 10-22 _qPágina 10 |
|
| 942 | _cANA | ||
| 945 | _aJTF-925 | ||
| 999 |
_c60260 _d60260 |
||